000 00518nam a2200217Ia 4500
003 OSt
005 20230505112915.0
008 210423s2004 xx 000 0 und d
020 _a195681207
040 _cAL
041 _aeng
082 _a547
_223
_bLOUG
100 _aLOUDON (G Marc).
_998647
245 _aOrganic chemistry.
250 _a4
260 _aNew Delhi
_bOxford University Press
_c2004
300 _axxxii,1353,I-34
365 _b525
_cINR
906 _achemistry ; Organic
942 _2ddc
_cBK
999 _c163654
_d163654